| Tag |
First Indicator |
Second Indicator |
Subfields |
| LEADER |
00000pam a22000004a 4500 |
| 001 |
in00002139081 |
| 005 |
20151103161214.0 |
| 008 |
050203s2006 enka b 001 0 eng |
| 010 |
|
|
|a 2005040643
|
| 020 |
|
|
|a 0195155963 (alk. paper)
|
| 020 |
|
|
|a 0195155971 (pbk. : alk. paper)
|
| 024 |
3 |
|
|a 9780195155969
|
| 024 |
3 |
|
|a 9780195155976
|
| 035 |
|
|
|a (OCoLC)ocm57670143
|
| 040 |
|
|
|a DLC
|c DLC
|d BAKER
|d C#P
|d UtOrBLW
|
| 042 |
|
|
|a pcc
|
| 049 |
|
|
|a TXAM
|
| 050 |
0 |
4 |
|a G95
|b .T73 2006
|
| 082 |
0 |
0 |
|a 910.4/09/031
|2 22
|
| 245 |
0 |
0 |
|a Travel narratives from the age of discovery :
|b an anthology /
|c edited by Peter C. Mancall.
|
| 264 |
|
1 |
|a Oxford ;
|a New York :
|b Oxford University Press,
|c 2006.
|
| 300 |
|
|
|a xv, 413 pages :
|b illustrations ;
|c 25 cm.
|
| 336 |
|
|
|a text
|b txt
|2 rdacontent
|
| 337 |
|
|
|a unmediated
|b n
|2 rdamedia
|
| 338 |
|
|
|a volume
|b nc
|2 rdacarrier
|
| 504 |
|
|
|a Includes bibliographical references and index.
|
| 650 |
|
0 |
|a Discoveries in geography.
|
| 650 |
|
0 |
|a Travel, Medieval.
|
| 650 |
|
0 |
|a Travelers' writings.
|
| 700 |
1 |
|
|a Mancall, Peter C.
|
| 938 |
|
|
|a Baker & Taylor
|b BKTY
|c 24.95
|d 24.95
|i 0195155971
|n 0006578785
|s active
|
| 938 |
|
|
|a Baker & Taylor
|b BKTY
|c 74.00
|d 74.00
|i 0195155963
|n 0006269682
|s active
|
| 948 |
|
|
|a cataloged
|b h
|c 2006/8/1
|d c
|e rdavis
|f 5:00:48 pm
|
| 994 |
|
|
|a C0
|b TXA
|
| 999 |
|
|
|a MARS
|
| 999 |
f |
f |
|s 8d98dab6-6fc7-3761-9dff-36a107890c3f
|i 7256e783-8d50-3e6c-a915-e52ff44f5fbc
|t 0
|
| 952 |
f |
f |
|p normal
|a Texas A&M University
|b College Station
|c Sterling C. Evans Library
|s Evans stk
|d Evans: Library Stacks
|t 0
|e G95 .T73 2006
|h Library of Congress classification
|i unmediated -- volume
|m A14834689540
|
| 998 |
f |
f |
|a G95 .T73 2006
|t 0
|l Evans: Library Stacks
|